[Event "Varna op-B 9th"]
[Site "Varna"]
[Date "2015.06.30"]
[Round "5"]
[White "Kazakov, Danail"]
[Black "Ivanov, Docho"]
[Result "1-0"]
[WhiteElo "1866"]
[BlackElo "1864"]
[PlyCount "121"]
[EventDate "2015.06.26"]
[EventType "swiss"]
[EventRounds "9"]
[EventCountry "BUL"]
[SourceTitle "EXT 2016"]
[Source "ChessBase"]
[SourceDate "2015.10.08"]
[SourceVersion "1"]
[SourceVersionDate "2015.10.08"]
[SourceQuality "1"]

1. d4 Nf6 2. Bg5 e6 3. e4 Be7 4. Bd3 h6 5. Bh4 0-0 6. c3 b6 7. Nd2 d6 8. Ngf3 Bb7 9. 0-0 c5 10. Re1 cxd4 11. cxd4 Nc6 12. Nb3 Nb4 13. Bb1 Rc8 14. a3 Na6 15. Qe2 Nh5 16. Bxe7 Qxe7 17. g3 Nf6 18. Nbd2 Rfd8 19. Bd3 Nb8 20. Rac1 Nfd7 21. b4 Nf8 22. Nb1 Rc7 23. Rc3 Rdc8 24. Rec1 Kh8 25. Nh4 Rxc3 26. Rxc3 a6 27. Rxc8 Bxc8 28. Qc2 Bb7 29. f4 b5 30. Nd2 Nc6 31. Nb3 g5 32. Ng2 Qf6 33. e5 dxe5 34. dxe5 Qd8 35. Be4 Nd4 36. Qd1 Bxe4 37. Qxd4 Qa8 38. Ne3 gxf4 39. gxf4 Ng6 40. Nd2 Bc6 41. f5 Ne7 42. Kf2 Qg8 43. f6 Nf5 44. Qf4 Kh7 45. Nxf5 Qg2+ 46. Ke3 Qg1+ 47. Kd3 Qg6 48. Qxh6+ Qxh6 49. Nxh6 Kxh6 50. Ke3 Kg5 51. Nb3 Bb7 52. Kd4 Kf4 53. Nc5 Bc8 54. Nd3+ Kg4 55. Kc5 Bb7 56. Kd6 Kg5 57. Nc5 Bd5 58. Nxa6 Kf4 59. Nc7 Bc4 60. h4 Be2 61. Nxe6+ 1-0

[Event "Varna op-B 8th"]
[Site "Varna"]
[Date "2014.06.27"]
[Round "9"]
[White "Vakhitov, Dmitry"]
[Black "Ivanov, Docho"]
[Result "0-1"]
[WhiteElo "1691"]
[BlackElo "1848"]
[PlyCount "59"]
[EventDate "2014.06.19"]
[EventType "swiss"]
[EventRounds "9"]
[EventCountry "BUL"]
[SourceTitle "CBM 161 Extra"]
[Source "ChessBase"]
[SourceDate "2014.08.29"]
[SourceVersion "1"]
[SourceVersionDate "2014.08.29"]
[SourceQuality "1"]

1. d4 d5 2. c4 e6 3. Nc3 Nf6 4. Bg5 Be7 5. e3 0-0 6. Bd3 dxc4 7. Bxc4 a6 8. Nf3 b5 9. Bd3 Bb7 10. 0-0 Nbd7 11. Rc1 Rc8 12. Qe2 c5 13. dxc5 Nxc5 14. Rfd1 Nxd3 15. Rxd3 Qb6 16. Rcd1 Rfd8 17. e4 Rxd3 18. Rxd3 b4 19. Bxf6 Bxf6 20. Na4 Qc6 21. e5 Be7 22. b3 a5 23. Qd2 g6 24. h3 h6 25. Kh2 Kg7 26. Rd7 Bg5 27. Rd6 Qe4 28. Qd4 Bf4+ 29. Kg1 Rc1+ 30. Qd1 0-1

[Event "Albena Masters op"]
[Site "Albena"]
[Date "2014.06.07"]
[Round "7"]
[White "Vasileva, Cveta"]
[Black "Ivanov, Docho"]
[Result "1-0"]
[WhiteElo "1594"]
[BlackElo "1848"]
[PlyCount "63"]
[EventDate "2014.06.01"]
[EventType "swiss"]
[EventRounds "9"]
[EventCountry "BUL"]
[SourceTitle "CBM 160 Extra"]
[Source "ChessBase"]
[SourceDate "2014.07.01"]
[SourceVersion "1"]
[SourceVersionDate "2014.07.01"]
[SourceQuality "1"]

1. d4 Nf6 2. c4 b6 3. Nc3 Bb7 4. Qc2 e6 5. Bg5 Be7 6. Rd1 d5 7. e3 0-0 8. Nf3 h6 9. Bf4 Nbd7 10. a3 c6 11. Bd3 dxc4 12. Bxc4 Nd5 13. 0-0 Nxf4 14. exf4 Nf6 15. f5 Nd5 16. fxe6 fxe6 17. Qe4 Qd6 18. Rfe1 Bc8 19. Qg6 Nf4 20. Qe4 Bd7 21. Qe3 Nd5 22. Qd2 Nxc3 23. Qxc3 Rf6 24. Ne5 Re8 25. g3 Bc8 26. Bb3 c5 27. d5 c4 28. Qxc4 exd5 29. Qxd5+ Qxd5 30. Bxd5+ Kf8 31. Bc6 Bc5 32. Ng6+ 1-0

[Event "Albena Masters op"]
[Site "Albena"]
[Date "2014.06.02"]
[Round "2"]
[White "Gorbanovsky, Oleg"]
[Black "Ivanov, Docho"]
[Result "1-0"]
[WhiteElo "2157"]
[BlackElo "1848"]
[PlyCount "87"]
[EventDate "2014.06.01"]
[EventType "swiss"]
[EventRounds "9"]
[EventCountry "BUL"]
[SourceTitle "CBM 160 Extra"]
[Source "ChessBase"]
[SourceDate "2014.07.01"]
[SourceVersion "1"]
[SourceVersionDate "2014.07.01"]
[SourceQuality "1"]

1. e4 c5 2. Nf3 d6 3. Bb5+ Nc6 4. Nc3 Bd7 5. 0-0 a6 6. Bxc6 Bxc6 7. d4 cxd4 8. Qxd4 Nf6 9. Re1 e5 10. Qd3 Be7 11. Bg5 0-0 12. Rad1 Qb6 13. Bxf6 Bxf6 14. b3 Rfd8 15. Nd5 Bxd5 16. Qxd5 Rac8 17. c4 Qb4 18. h3 Rc5 19. Qd3 h6 20. Nd2 Be7 21. Nb1 Bf8 22. Re3 Qa5 23. a3 Rcc8 24. a4 Qb4 25. Rf3 Qc5 26. Nc3 Rb8 27. Rg3 Kh7 28. Qf3 Qc7 29. Qf5+ Kh8 30. Rdd3 Qd7 31. Qh5 Kh7 32. Nd5 b5 33. axb5 axb5 34. c5 Qe6 35. c6 Rdc8 36. c7 Rb7 37. Rc3 g6 38. Qg4 Qxg4 39. hxg4 Kg7 40. b4 g5 41. Rc6 Kg6 42. Rgc3 h5 43. gxh5+ Kxh5 44. Rb6 1-0

[Event "Albena Masters op"]
[Site "Albena"]
[Date "2013.06.04"]
[Round "4"]
[White "Mladenov, Emil"]
[Black "Ivanov, Docho"]
[Result "1-0"]
[WhiteElo "2119"]
[BlackElo "1872"]
[PlyCount "115"]
[EventDate "2013.06.01"]
[EventType "swiss"]
[EventRounds "9"]
[EventCountry "BUL"]
[SourceTitle "CBM 154 Extra"]
[Source "ChessBase"]
[SourceDate "2013.06.25"]
[SourceVersion "2"]
[SourceVersionDate "2013.06.25"]
[SourceQuality "1"]

1. e4 c5 2. g3 Nc6 3. Bg2 d6 4. Ne2 Nf6 5. c3 g6 6. d4 cxd4 7. cxd4 Bg7 8. Nbc3 0-0 9. 0-0 Bd7 10. h3 Qa5 11. Be3 Rac8 12. f4 Rfd8 13. g4 e6 14. Ng3 Be8 15. f5 h6 16. h4 Nh7 17. Qd2 e5 18. d5 Nd4 19. Bxh6 Bf6 20. g5 Be7 21. Bh3 Bb5 22. fxg6 fxg6 23. Bxc8 Rxc8 24. h5 Be8 25. hxg6 Bxg6 26. Nf5 Bxf5 27. exf5 Qc5 28. Kh1 b5 29. f6 b4 30. Ne4 Qxd5 31. Qg2 Bf8 32. Bxf8 Rc2 33. Rf2 Rxf2 34. Nxf2 Qxg2+ 35. Kxg2 Kxf8 36. Ne4 Kf7 37. Nxd6+ Ke6 38. f7 Ne2 39. Kf3 Nf4 40. Rg1 Nf8 41. Nb5 a5 42. Ke4 Kxf7 43. Kxe5 Nd3+ 44. Kd4 Nxb2 45. Nd6+ Kg6 46. Kc5 Na4+ 47. Kc4 Nc3 48. Rg2 Ne6 49. Nb7 Nxg5 50. Nxa5 Kf5 51. Kxb4 Nce4 52. Nc4 Ke6 53. a4 Kd7 54. Rh2 Kc7 55. Rh6 Kb8 56. Ra6 Nh7 57. Nd6 Nxd6 58. Rxd6 1-0

[Event "Varna op 4th"]
[Site "Varna"]
[Date "2010.06.20"]
[Round "9"]
[White "Kostadinov, Teodosi"]
[Black "Ivanov, Docho"]
[Result "1-0"]
[WhiteElo "2265"]
[BlackElo "1815"]
[PlyCount "97"]
[EventDate "2010.06.12"]
[EventType "swiss"]
[EventRounds "9"]
[EventCountry "BUL"]
[SourceTitle "CBM 136 Extra"]
[Source "ChessBase"]
[SourceDate "2010.07.02"]
[SourceVersion "2"]
[SourceVersionDate "2010.07.15"]
[SourceQuality "1"]

1. d4 Nf6 2. c4 e6 3. g3 c5 4. Nf3 cxd4 5. Nxd4 Be7 6. Bg2 0-0 7. 0-0 Nc6 8. Nc3 a6 9. b3 Qc7 10. Bb2 Rd8 11. Rc1 Qa5 12. e3 Rb8 13. Qe2 Ba3 14. Rcd1 Bxb2 15. Qxb2 Nxd4 16. Rxd4 b5 17. Ne4 Nxe4 18. Bxe4 bxc4 19. Rxc4 d5 20. Qe5 Bd7 21. Bxh7+ Kf8 22. Rg4 Ke7 23. Qg5+ Kd6 24. Rd4 Rbc8 25. Rfd1 Kc7 26. Bb1 Kb7 27. Qxg7 Be8 28. Qf6 Rd7 29. Ra4 Qc5 30. Qd4 Rdc7 31. Qxc5 Rxc5 32. Rad4 Bb5 33. Kg2 e5 34. R4d2 Rc1 35. Bf5 R8c7 36. h4 Rxd1 37. Rxd1 Bc6 38. h5 d4+ 39. e4 Bd7 40. Kf3 f6 41. Kg4 Bb5 42. Rd2 Rg7+ 43. Kh4 Be8 44. h6 Rg5 45. g4 Rg8 46. h7 Rh8 47. g5 Bd7 48. g6 Bxf5 49. exf5 1-0

[Event "Teteven op 24th"]
[Site "Teteven"]
[Date "2009.08.20"]
[Round "8"]
[White "Georgiev, Steljan"]
[Black "Ivanov, Docho"]
[Result "1-0"]
[WhiteElo "2161"]
[BlackElo "1724"]
[PlyCount "61"]
[EventDate "2009.08.15"]
[EventType "swiss"]
[EventRounds "9"]
[EventCountry "BUL"]
[SourceTitle "CBM 131 Extra"]
[Source "ChessBase"]
[SourceDate "2009.09.03"]
[SourceVersion "2"]
[SourceVersionDate "2009.09.16"]
[SourceQuality "1"]

1. Nf3 c5 2. e3 Nc6 3. d4 d5 4. c3 Nf6 5. Bd3 Bg4 6. Nbd2 e6 7. 0-0 c4 8. Bc2 Be7 9. Qe1 0-0 10. e4 Bxf3 11. Nxf3 dxe4 12. Ng5 Rc8 13. Nxe4 Nxe4 14. Bxe4 f5 15. Bc2 Qd7 16. Bf4 a6 17. Qe2 b5 18. Rae1 b4 19. Qxe6+ Qxe6 20. Rxe6 Rf6 21. Rfe1 Rxe6 22. Rxe6 bxc3 23. bxc3 Ba3 24. Bxf5 Bb2 25. Bd2 Kf7 26. Rd6 Ne7 27. Bxc8 Nxc8 28. Rxa6 Ne7 29. Rb6 Ba3 30. Ra6 Bd6 31. Rxd6 1-0